000 00431nam a2200181Ia 4500
001 13963
005 20260306164839.0
008 260306t1993||||xx |||||||||||||| ||spa||
041 _aESP
082 _a005.74
_bK76
100 _aKorth, Henry F.
_eAUT
245 0 _aFundamentos de bases de datos = Database systems concepts
260 _c1993
300 _a
_c
650 _aGEN
654 _aCCC
942 _cLIB
_dJUS
_fJUS
_2ddc
_n
999 _c13963
_d13963